[Event "Quebec-ch Elite"]
[Site "Montreal CAN"]
[Date "2010.05.08"]
[Round "3"]
[White "Bolduc, Steve"]
[Black "Gras, Guillaume"]
[Result "1-0"]
[WhiteElo "2247"]
[BlackElo "2104"]
[PlyCount "109"]
[EventDate "2010.05.07"]
[EventType "swiss"]
[EventRounds "5"]
[EventCountry "CAN"]

1. Nf3 d5 2. d4 c6 3. Bg5 Bg4 4. Nbd2 Nd7 5. h3 Bf5 6. c4 h6 7. Bh4 Qb6 8. Qb3
dxc4 9. Qxb6 Nxb6 10. Ne5 f6 11. Nexc4 Nxc4 12. Nxc4 e5 13. O-O-O exd4 14. Rxd4
Rd8 15. Rxd8+ Kxd8 16. f3 b5 17. e4 Be6 18. Na5 Kc7 19. Bg3+ Kb6 20. Nb3 c5 21.
Be2 Ne7 22. Kb1 Nc6 23. Rc1 Bxb3 24. axb3 Nd4 25. Bd1 Be7 26. b4 cxb4 27. Rc7
Nc6 28. Bb3 Re8 29. Bf7 Ne5 30. Bxe8 Kxc7 31. Bxb5 Bd6 32. Bf2 Kb7 33. Kc2 a6
34. Bf1 Nc6 35. Bc4 Be5 36. Bd5 Kc7 37. b3 Bc3 38. Bc5 g5 39. Kd3 Ne5+ 40. Ke2
h5 41. g3 a5 42. f4 gxf4 43. gxf4 Nd7 44. Bf2 Nb6 45. Bf7 a4 46. Bxb6+ Kxb6 47.
bxa4 h4 48. Kf3 Kc5 49. Kg4 Kd4 50. Kf5 Kc5 51. e5 fxe5 52. fxe5 Kc6 53. Bb3
Bd4 54. e6 Bc5 55. Kf6 1-0

[Event "Quebec-ch Elite"]
[Site "Montreal CAN"]
[Date "2010.05.08"]
[Round "3"]
[White "Bouchard, Jean-Marc"]
[Black "Prahov, Valentin"]
[Result "0-1"]
[WhiteElo "1808"]
[BlackElo "2184"]
[PlyCount "62"]
[EventDate "2010.05.07"]
[EventType "swiss"]
[EventRounds "5"]
[EventCountry "CAN"]

1. e4 c5 2. Nf3 e6 3. c4 Nc6 4. d4 cxd4 5. Nxd4 Nf6 6. Nxc6 bxc6 7. Bd3 d5 8.
cxd5 cxd5 9. Bb5+ Bd7 10. Bxd7+ Qxd7 11. exd5 Nxd5 12. O-O Be7 13. Qf3 O-O 14.
Nc3 Nxc3 15. Qxc3 Bf6 16. Qc2 Rac8 17. Qe2 Qb7 18. Rb1 Bd4 19. b3 Rfd8 20. Bb2
e5 21. Rbc1 h6 22. Rxc8 Qxc8 23. Rc1 Qf5 24. h3 Qf4 25. Rf1 Bxb2 26. Qxb2 Rd2
27. Qa3 Qd4 28. Qa6 Kh7 29. a4 Rb2 30. Qc4 Qxc4 31. bxc4 Rc2 0-1

[Event "Quebec-ch Elite"]
[Site "Montreal CAN"]
[Date "2010.05.08"]
[Round "3"]
[White "Castellanos, Renier"]
[Black "Rousseau, Daniel"]
[Result "1-0"]
[WhiteElo "2422"]
[BlackElo "2166"]
[PlyCount "121"]
[EventDate "2010.05.07"]
[EventType "swiss"]
[EventRounds "5"]
[EventCountry "CAN"]

1. e4 e5 2. Nf3 Nc6 3. Bb5 a6 4. Ba4 Nf6 5. O-O Be7 6. Re1 b5 7. Bb3 O-O 8. d4
d6 9. c3 Bg4 10. d5 Na5 11. Bc2 c6 12. h3 Bc8 13. dxc6 Qc7 14. Nbd2 Qxc6 15.
Nf1 Nc4 16. b3 Nb6 17. Bd2 Bb7 18. Rc1 Rfe8 19. Bd3 Rac8 20. Ng3 g6 21. Be3
Nbd7 22. c4 b4 23. Bc2 Qc7 24. Qd2 a5 25. Bg5 Nc5 26. Rcd1 Rcd8 27. Nh2 Ne6 28.
Be3 Bc6 29. Qe2 h5 30. Nf3 Qb7 31. Ng5 Nc5 32. Bxc5 dxc5 33. Nf3 Qb8 34. Nf1
Nd7 35. Ne3 Bf6 36. g3 Nf8 37. Nd5 Bg7 38. Bd3 Ne6 39. h4 Bd7 40. Qe3 Nd4 41.
Nxd4 exd4 42. Qg5 Bg4 43. Ra1 Re5 44. Ne7+ Rxe7 45. Qxe7 Be5 46. Kg2 Re8 47.
Qxc5 Qd8 48. Rf1 Qd7 49. f4 Bh3+ 50. Kh2 Bf6 51. Qd5 Qg4 52. Rg1 Qf3 53. e5
Qxd3 54. Kxh3 Qf5+ 55. Kh2 Bxh4 56. e6 Qc2+ 57. Rg2 Bxg3+ 58. Kh3 fxe6 59. Rxc2
exd5 60. Kxg3 Re3+ 61. Kh4 1-0

[Event "Quebec-ch Elite"]
[Site "Montreal CAN"]
[Date "2010.05.08"]
[Round "3"]
[White "Clyde, Jordan"]
[Black "Leveille, Francois"]
[Result "0-1"]
[WhiteElo "1899"]
[BlackElo "2304"]
[PlyCount "102"]
[EventDate "2010.05.07"]
[EventType "swiss"]
[EventRounds "5"]
[EventCountry "CAN"]

1. c4 Nf6 2. Nc3 c5 3. g3 e6 4. Bg2 d5 5. b3 Nc6 6. d3 Be7 7. Nf3 d4 8. Ne4
Nxe4 9. dxe4 e5 10. O-O O-O 11. Ne1 Rb8 12. Nd3 b5 13. cxb5 Rxb5 14. Bd2 Be6
15. Rc1 Qb8 16. f4 f6 17. fxe5 fxe5 18. Rxf8+ Qxf8 19. Qf1 Qxf1+ 20. Bxf1 c4
21. bxc4 Rb6 22. Rc2 Ba3 23. Bc1 Bxc1 24. Rxc1 Kf7 25. Rc2 Ra6 26. Nc5 Ra5 27.
Nxe6 Kxe6 28. c5 Rb5 29. Kf2 Rb1 30. Bh3+ Ke7 31. e3 Rb8 32. Rd2 a5 33. exd4
exd4 34. Ke2 Rb5 35. Kd1 Rb1+ 36. Kc2 Rb5 37. Bf1 Rxc5+ 38. Kb2 Kd6 39. a3 Ke5
40. Rc2 Rxc2+ 41. Kxc2 Nd8 42. Kd3 Nb7 43. Kc4 Nd6+ 44. Kd3 Nxe4 45. Bg2 Nf2+
46. Ke2 Ng4 47. h3 Ne3 48. Bf3 Nc4 49. a4 Nb6 50. Bc6 Nd5 51. Bb7 Nc3+ 0-1

[Event "Quebec-ch Elite"]
[Site "Montreal CAN"]
[Date "2010.05.08"]
[Round "3"]
[White "Desjardins, Michel"]
[Black "Dumont, Felix"]
[Result "1/2-1/2"]
[WhiteElo "2001"]
[BlackElo "1959"]
[PlyCount "72"]
[EventDate "2010.05.07"]
[EventType "swiss"]
[EventRounds "5"]
[EventCountry "CAN"]

1. e4 c5 2. Nc3 d6 3. g3 Nc6 4. Bg2 g6 5. d3 Bg7 6. Be3 e6 7. Qd2 Nge7 8. Bh6
O-O 9. Bxg7 Kxg7 10. h4 h6 11. h5 g5 12. f4 f6 13. Nf3 Nd4 14. O-O-O Nec6 15.
a3 Nxf3 16. Bxf3 Nd4 17. Bg2 Rb8 18. Ne2 Nxe2+ 19. Qxe2 b5 20. e5 b4 21. a4 b3
22. exf6+ Qxf6 23. c3 gxf4 24. Rdf1 Qg5 25. Qd2 e5 26. Bd5 Bb7 27. gxf4 Rxf4
28. Rfg1 Rg4 29. Rxg4 Qxg4 30. Bxb7 Rxb7 31. Qe3 Kh7 32. Kb1 Qxa4 33. Qf3 Qa2+
34. Kc1 Qa1+ 35. Kd2 Qxb2+ 36. Ke3 Rg7 1/2-1/2

[Event "Quebec-ch Elite"]
[Site "Montreal CAN"]
[Date "2010.05.08"]
[Round "3"]
[White "Fareh, Youness"]
[Black "Masse, Hugues"]
[Result "0-1"]
[WhiteElo "2129"]
[BlackElo "2240"]
[PlyCount "74"]
[EventDate "2010.05.07"]
[EventType "swiss"]
[EventRounds "5"]
[EventCountry "CAN"]

1. c4 Nf6 2. Nc3 g6 3. Nf3 Bg7 4. g3 O-O 5. Bg2 d6 6. O-O e5 7. d3 Nh5 8. Rb1
f5 9. Bg5 Qe8 10. Nd5 Na6 11. Bd2 c6 12. Nc3 Nc7 13. b4 Kh8 14. a4 d5 15. cxd5
cxd5 16. Qb3 e4 17. dxe4 dxe4 18. Ng5 h6 19. Nh3 Be6 20. Qa3 Bg8 21. Qc1 g5 22.
Nxe4 fxe4 23. Qxc7 Rf7 24. Qc2 Bh7 25. e3 Rc8 26. Qb3 Rd7 27. Rbd1 Rd3 28. Qb1
Rcd8 29. Qc2 Qd7 30. Qc4 Nf6 31. Kh1 Rxd2 32. Rxd2 Qxd2 33. Ng1 Bg8 34. Qb5 Qd7
35. Qa5 Bc4 36. Rc1 b6 37. Qe5 Ng4 0-1

[Event "Quebec-ch Elite"]
[Site "Montreal CAN"]
[Date "2010.05.08"]
[Round "3"]
[White "Giroux, Robert"]
[Black "Lalonde, Paul"]
[Result "1-0"]
[WhiteElo "1776"]
[BlackElo "2016"]
[PlyCount "115"]
[EventDate "2010.05.07"]
[EventType "swiss"]
[EventRounds "5"]
[EventCountry "CAN"]

1. Nf3 c5 2. c4 Nf6 3. g3 g6 4. Bg2 Bg7 5. Nc3 Nc6 6. d4 cxd4 7. Nxd4 O-O 8.
Nc2 d6 9. O-O Bf5 10. Ne3 Bd7 11. Ned5 Nxd5 12. cxd5 Ne5 13. Qb3 Qc7 14. Bg5 f6
15. Bf4 b6 16. Rac1 Qc4 17. Qxc4 Nxc4 18. b3 Na3 19. e4 Rac8 20. Ne2 Bb5 21.
Rxc8 Rxc8 22. Rc1 Rxc1+ 23. Nxc1 f5 24. exf5 gxf5 25. Bh3 Bd7 26. Bg5 Kf7 27.
Bf1 Nb5 28. Ne2 Nc7 29. Bg2 Bc8 30. Be3 Bb7 31. Nf4 Be5 32. Ne6 Nxd5 33. Nd8+
Ke8 34. Nxb7 Nc3 35. Bc6+ Kf8 36. a4 d5 37. a5 d4 38. Bh6+ Kf7 39. axb6 axb6
40. Kf1 Kg6 41. Bc1 d3 42. Ke1 Nb1 43. Bd2 Bd4 44. f3 Bg1 45. h3 Bh2 46. g4 e6
47. Bb5 Nxd2 48. Kxd2 fxg4 49. Bxd3+ Kg5 50. hxg4 h5 51. gxh5 Kxh5 52. Nd8 e5
53. Be4 Kg5 54. Ne6+ Kf6 55. Nc7 Bg1 56. Kc3 Ke7 57. Kc4 Kd6 58. Na8 1-0

[Event "Quebec-ch Elite"]
[Site "Montreal CAN"]
[Date "2010.05.08"]
[Round "3"]
[White "Gulko, Andrei"]
[Black "Zhu, Hong Rui"]
[Result "0-1"]
[WhiteElo "2180"]
[BlackElo "1807"]
[PlyCount "110"]
[EventDate "2010.05.07"]
[EventType "swiss"]
[EventRounds "5"]
[EventCountry "CAN"]

1. d4 d5 2. Bg5 Nf6 3. Bxf6 exf6 4. e3 Be6 5. Nd2 g6 6. g3 Bg7 7. Bg2 c6 8. Ne2
O-O 9. O-O f5 10. b3 Nd7 11. c4 Nf6 12. c5 Ne4 13. Qc2 Qd7 14. b4 a6 15. Rfe1
Rfe8 16. Nf1 h5 17. a4 Ra7 18. Rab1 Qe7 19. f3 Nf6 20. b5 axb5 21. axb5 Rea8
22. bxc6 bxc6 23. Rb6 Qc7 24. Reb1 Bc8 25. Nc3 Ra3 26. R6b3 R3a5 27. Rb4 Ba6
28. Nd2 Nd7 29. e4 Nxc5 30. dxc5 Rxc5 31. R4b3 d4 32. exf5 Rxc3 33. Rxc3 dxc3
34. Ne4 gxf5 35. Nxc3 Qe5 36. Rc1 Re8 37. Na4 Qa5 38. h4 Re1+ 39. Rxe1 Qxe1+
40. Kh2 f4 41. gxf4 Qxh4+ 42. Bh3 Bf1 43. Qf5 Qf2+ 44. Kh1 Qxf3+ 45. Kh2 Qxh3+
46. Qxh3 Bxh3 47. Kxh3 Bd4 48. Kh4 Kf8 49. Kxh5 Ke7 50. Kg5 Ke6 51. f5+ Kd5 52.
Kf4 f6 53. Kf3 Ke5 54. Ke2 Kxf5 55. Kd3 Ke5 0-1

[Event "Quebec-ch Elite"]
[Site "Montreal CAN"]
[Date "2010.05.08"]
[Round "3"]
[White "Lange, David"]
[Black "Sasseville, Jean"]
[Result "1-0"]
[WhiteElo "1966"]
[BlackElo "1999"]
[PlyCount "49"]
[EventDate "2010.05.07"]
[EventType "swiss"]
[EventRounds "5"]
[EventCountry "CAN"]

1. d4 Nf6 2. c4 g6 3. Nc3 Bg7 4. g3 O-O 5. Bg2 d6 6. Nf3 Nc6 7. O-O a6 8. e3 e5
9. b3 Bg4 10. h3 Bd7 11. Bb2 exd4 12. Nxd4 Nxd4 13. exd4 c6 14. Re1 Qc7 15. Qd2
Rfe8 16. Rxe8+ Rxe8 17. Re1 b5 18. Kh2 Rxe1 19. Qxe1 bxc4 20. bxc4 Qb6 21. Na4
Qb8 22. Qa5 c5 23. Nb6 cxd4 24. Bxd4 Bc8 25. Nd5 1-0

[Event "Quebec-ch Elite"]
[Site "Montreal CAN"]
[Date "2010.05.08"]
[Round "3"]
[White "Modwal, Sankalp"]
[Black "Forget, David"]
[Result "1-0"]
[WhiteElo "2234"]
[BlackElo "1905"]
[PlyCount "31"]
[EventDate "2010.05.07"]
[EventType "swiss"]
[EventRounds "5"]
[EventCountry "CAN"]

1. e4 e6 2. d4 d5 3. Nc3 Bb4 4. e5 c5 5. Bd2 Ne7 6. a3 cxd4 7. axb4 dxc3 8.
Bxc3 Nbc6 9. Nf3 O-O 10. b5 Nb8 11. Bd3 Ng6 12. O-O Nf4 13. Ra4 Nxd3 14. Qxd3
Nd7 15. Rh4 Nc5 16. Qxh7# 1-0

[Event "Quebec-ch Elite"]
[Site "Montreal CAN"]
[Date "2010.05.08"]
[Round "3"]
[White "Rainfray, Arnaud"]
[Black "Hajiyev, Elshad"]
[Result "1-0"]
[WhiteElo "2405"]
[BlackElo "2089"]
[PlyCount "71"]
[EventDate "2010.05.07"]
[EventType "swiss"]
[EventRounds "5"]
[EventCountry "CAN"]

1. e4 d5 2. exd5 Qxd5 3. Nc3 Qd6 4. d4 Nf6 5. Bc4 a6 6. Nf3 Bg4 7. h3 Bxf3 8.
Qxf3 Nc6 9. Be3 g6 10. O-O Bg7 11. Rad1 O-O 12. a3 Rad8 13. Rfe1 h6 14. Ba2 g5
15. Qe2 Nb8 16. Bc1 Rfe8 17. Qf3 e6 18. d5 e5 19. Ne4 Nxe4 20. Qxe4 Rf8 21. c4
f5 22. Qc2 b6 23. b4 Nd7 24. Bb2 h5 25. Rc1 Kh7 26. c5 bxc5 27. bxc5 Qg6 28. c6
Nf6 29. Rxe5 Ng4 30. Re7 Nf6 31. Rce1 g4 32. hxg4 hxg4 33. g3 Rfe8 34. Bxf6
Rxe7 35. Bxe7 Rb8 36. Bb1 1-0

[Event "Quebec-ch Elite"]
[Site "Montreal CAN"]
[Date "2010.05.08"]
[Round "3"]
[White "Robichaud, Louis"]
[Black "Barbeau, Sylvain"]
[Result "1/2-1/2"]
[WhiteElo "2007"]
[BlackElo "2369"]
[PlyCount "125"]
[EventDate "2010.05.07"]
[EventType "swiss"]
[EventRounds "5"]
[EventCountry "CAN"]

1. e4 e5 2. Nf3 Nc6 3. Bb5 a6 4. Ba4 d6 5. Bxc6+ bxc6 6. d4 f6 7. O-O Ne7 8.
Nc3 Ng6 9. Be3 Be7 10. Qe2 Be6 11. Rad1 O-O 12. b3 Qd7 13. d5 cxd5 14. Nxd5 f5
15. Nxe7+ Qxe7 16. exf5 Rxf5 17. c4 Raf8 18. Nd2 Bc8 19. Ne4 Bb7 20. Ng3 R5f7
21. Rde1 Rf3 22. Bd2 Nh4 23. Ne4 Qe6 24. Ng5 Qg4 25. g3 R8f5 26. c5 Rxg5 27.
Bxg5 Qxg5 28. Qc4+ Rf7 29. Qxh4 Qf5 30. f3 g5 31. Qb4 Bxf3 32. cxd6 cxd6 33.
Qxd6 e4 34. Rc1 Rd7 35. Rc8+ Kg7 36. Rc7 Rxc7 37. Qxc7+ Kg6 38. Rc1 Be2 39.
Qb6+ Kh5 40. Qf2 Bf3 41. Qe3 h6 42. b4 Qh3 43. Qf2 Qd7 44. a4 Qxa4 45. h3 Qxb4
46. g4+ Bxg4 47. hxg4+ Kxg4 48. Rf1 a5 49. Kh1 Qc4 50. Qg2+ Kh5 51. Re1 Qc3 52.
Rxe4 Qc1+ 53. Kh2 Qc7+ 54. Kh3 Kg6 55. Re6+ Kf7 56. Qe4 Qc3+ 57. Kg4 h5+ 58.
Kxg5 Qd2+ 59. Kxh5 Qh2+ 60. Kg4 Qg1+ 61. Kh5 Qh2+ 62. Kg4 Qg1+ 63. Kh5 1/2-1/2

[Event "Quebec-ch Elite"]
[Site "Montreal CAN"]
[Date "2010.05.08"]
[Round "3"]
[White "Sambuev, Bator"]
[Black "Chiffot, Nicolas"]
[Result "1-0"]
[WhiteElo "2564"]
[BlackElo "2100"]
[PlyCount "79"]
[EventDate "2010.05.07"]
[EventType "swiss"]
[EventRounds "5"]
[EventCountry "CAN"]

1. d4 d5 2. c4 e5 3. dxe5 d4 4. Nf3 Nc6 5. g3 Nge7 6. Bg2 Ng6 7. Qa4 Qd7 8. e6
fxe6 9. O-O Bc5 10. Nbd2 O-O 11. Ng5 Qe8 12. Be4 Nce5 13. Qc2 d3 14. exd3 Ng4
15. d4 Bxd4 16. Ndf3 Rxf3 17. Bxf3 Nf6 18. Be3 Bxe3 19. fxe3 c6 20. Ne4 Nxe4
21. Bxe4 Nf8 22. Rxf8+ Qxf8 23. Rf1 Qc5 24. Bxh7+ Kh8 25. Qe4 Bd7 26. Bg6 Qg5
27. Rf4 Rd8 28. Bf7 g6 29. Bxg6 e5 30. Rh4+ Kg8 31. Bh5 Qf6 32. Bg4 Bxg4 33.
Qxg4+ Kf8 34. Rh5 Ke8 35. Rf5 Qd6 36. h4 Qc5 37. Qe4 Rd1+ 38. Kg2 Qb4 39. Qxe5+
Kd8 40. Qb8+ 1-0

[Event "Quebec-ch Elite"]
[Site "Montreal CAN"]
[Date "2010.05.08"]
[Round "3"]
[White "Sarrazin-Gendron, Roman"]
[Black "Poulin, Mathieu"]
[Result "0-1"]
[WhiteElo "1896"]
[BlackElo "1984"]
[PlyCount "76"]
[EventDate "2010.05.07"]
[EventType "swiss"]
[EventRounds "5"]
[EventCountry "CAN"]

1. Nf3 Nf6 2. c4 c5 3. g3 g6 4. Bg2 Bg7 5. O-O O-O 6. d4 d6 7. d5 Nbd7 8. Nc3
a6 9. a4 Ng4 10. Qc2 Rb8 11. a5 e5 12. dxe6 fxe6 13. h3 Nge5 14. Nd2 Nc6 15.
Nb3 Nb4 16. Qe4 Ne5 17. Rd1 Qe7 18. f4 Nec6 19. Be3 e5 20. Nd5 Nxd5 21. Qxd5+
Be6 22. Qxd6 Bxc4 23. Bd5+ Bxd5 24. Qxd5+ Qf7 25. Bxc5 Rfd8 26. Qxf7+ Kxf7 27.
Bd6 Rbc8 28. Ba3 exf4 29. gxf4 Nd4 30. Nxd4 Bxd4+ 31. Kf1 Be3 32. Bd6 Rc4 33.
Ra3 Rxf4+ 34. Bxf4 Rxd1+ 35. Kg2 Bxf4 36. Rf3 g5 37. e3 Rd2+ 38. Kg1 Rd3 0-1

[Event "Quebec-ch Elite"]
[Site "Montreal CAN"]
[Date "2010.05.09"]
[Round "4"]
[White "Ah-Lan, Kenny"]
[Black "Clyde, Jordan"]
[Result "1-0"]
[WhiteElo "2001"]
[BlackElo "1899"]
[PlyCount "104"]
[EventDate "2010.05.07"]
[EventType "swiss"]
[EventRounds "5"]
[EventCountry "CAN"]

1. d4 Nf6 2. c4 b6 3. g3 Bb7 4. Nf3 e6 5. Bg2 Be7 6. O-O O-O 7. Nc3 Qc8 8. Bg5
h6 9. Bxf6 Bxf6 10. e4 Be7 11. Rc1 d6 12. Re1 Nd7 13. a3 Rd8 14. Qe2 Qb8 15.
Rcd1 c6 16. Bh3 Ba6 17. b4 Bf8 18. Qa2 Bb7 19. Qb3 a6 20. Rd3 Qc7 21. Red1 Ra7
22. d5 cxd5 23. cxd5 e5 24. Ne2 Rc8 25. Rc1 Qd8 26. Rdc3 Raa8 27. Qa4 b5 28.
Qb3 Rxc3 29. Rxc3 Nb6 30. Qc2 Bc8 31. Bxc8 Rxc8 32. Rc6 Nc4 33. Nd2 Rxc6 34.
dxc6 d5 35. c7 Qxc7 36. exd5 a5 37. bxa5 Qxa5 38. Nxc4 bxc4 39. Qxc4 Qxa3 40.
Kg2 Qb4 41. Qd3 g6 42. Qe3 f6 43. Nc3 Bc5 44. Qxh6 Qxc3 45. Qxg6+ Kf8 46. Qxf6+
Kg8 47. d6 Qd4 48. d7 Qxd7 49. Qxe5 Bd4 50. Qg5+ Kf7 51. Qf4+ Kg6 52. Qe4+ Kf6
1-0

[Event "Quebec-ch Elite"]
[Site "Montreal CAN"]
[Date "2010.05.09"]
[Round "4"]
[White "Chabot, Roland"]
[Black "Modwal, Sankalp"]
[Result "1/2-1/2"]
[WhiteElo "2215"]
[BlackElo "2234"]
[PlyCount "76"]
[EventDate "2010.05.07"]
[EventType "swiss"]
[EventRounds "5"]
[EventCountry "CAN"]

1. d4 Nf6 2. c4 e6 3. Nc3 Bb4 4. e3 O-O 5. Nge2 b6 6. a3 Be7 7. d5 d6 8. Ng3
Nbd7 9. Be2 Bb7 10. e4 a5 11. Be3 Re8 12. O-O Bf8 13. Rb1 h6 14. b4 axb4 15.
axb4 c6 16. dxc6 Bxc6 17. f4 Qc7 18. Bd3 Ra3 19. Rc1 Rc8 20. h3 Qb8 21. Qd2 Qa8
22. Rfe1 Rd8 23. Qb2 Qa7 24. Bb1 Rc8 25. Bf2 h5 26. e5 h4 27. exf6 hxg3 28.
Bxg3 Nxf6 29. Bf2 Ba8 30. Nb5 Qb7 31. Bd4 Rb3 32. Qf2 e5 33. fxe5 dxe5 34. Bxe5
Bxb4 35. Bxf6 gxf6 36. Be4 Bc5 37. Qxc5 Rxc5 38. Bxb7 Bxb7 1/2-1/2

[Event "Quebec-ch Elite"]
[Site "Montreal CAN"]
[Date "2010.05.09"]
[Round "4"]
[White "Chiffot, Nicolas"]
[Black "Gauthier, Denis"]
[Result "1-0"]
[WhiteElo "2100"]
[BlackElo "1867"]
[PlyCount "57"]
[EventDate "2010.05.07"]
[EventType "swiss"]
[EventRounds "5"]
[EventCountry "CAN"]

1. d4 Nf6 2. c4 e6 3. Nf3 Bb4+ 4. Bd2 Qe7 5. Nc3 b6 6. g3 Bb7 7. Bg2 O-O 8. O-O
a5 9. Rc1 d6 10. Bg5 Bxc3 11. Rxc3 h6 12. Bxf6 Qxf6 13. c5 Bd5 14. Nh4 Bxg2 15.
Kxg2 dxc5 16. dxc5 Rd8 17. Qb3 a4 18. Qc2 Na6 19. cxb6 cxb6 20. Qxa4 Nc5 21.
Qb5 Rxa2 22. Rfc1 Ne4 23. Rf3 Qxb2 24. Qxb2 Rxb2 25. Rc7 Nf6 26. Ra3 Nd5 27.
Rb7 Rxe2 28. Raa7 Rf8 29. Ng6 1-0

[Event "Quebec-ch Elite"]
[Site "Montreal CAN"]
[Date "2010.05.09"]
[Round "4"]
[White "Dumont, Felix"]
[Black "Gulko, Andrei"]
[Result "0-1"]
[WhiteElo "1959"]
[BlackElo "2180"]
[PlyCount "72"]
[EventDate "2010.05.07"]
[EventType "swiss"]
[EventRounds "5"]
[EventCountry "CAN"]

1. e4 e5 2. Nf3 Nf6 3. Nxe5 d6 4. Nf3 Nxe4 5. Nc3 Nxc3 6. dxc3 Be7 7. Be3 Nc6
8. Qd2 Be6 9. O-O-O Qd7 10. Kb1 a6 11. Bd3 Bf5 12. Bxf5 Qxf5 13. Nd4 Qd7 14.
Nxc6 bxc6 15. Rhe1 O-O 16. Bd4 Rfe8 17. Re2 Bf8 18. Rde1 Rxe2 19. Rxe2 Rb8 20.
Qd3 c5 21. Bxc5 Qc6 22. Be3 Qxg2 23. f4 Qc6 24. Bc1 a5 25. Re3 Qh1 26. Rh3 g6
27. f5 Re8 28. fxg6 hxg6 29. Qd4 Bg7 30. Qh4 Qf1 31. Rd3 Bf6 32. Qh6 Re5 33.
Rg3 Bg7 34. Qd2 Re2 35. Qd5 c6 36. Qd3 Bh6 0-1

[Event "Quebec-ch Elite"]
[Site "Montreal CAN"]
[Date "2010.05.09"]
[Round "4"]
[White "Forget, David"]
[Black "Lange, David"]
[Result "0-1"]
[WhiteElo "1905"]
[BlackElo "1966"]
[PlyCount "88"]
[EventDate "2010.05.07"]
[EventType "swiss"]
[EventRounds "5"]
[EventCountry "CAN"]

1. d4 d5 2. c4 c6 3. Nf3 Nf6 4. cxd5 cxd5 5. Nc3 e6 6. Bg5 Be7 7. e3 O-O 8. Bd3
h6 9. Bh4 Nc6 10. Rc1 Qb6 11. Qe2 Bd7 12. O-O Rfc8 13. Ne5 Qd8 14. Nxc6 Bxc6
15. Rc2 a6 16. Rfc1 b5 17. Na4 Bb7 18. Nc5 Bxc5 19. Rxc5 g5 20. Bg3 Nd7 21. Rc7
Rxc7 22. Rxc7 Rc8 23. Qc2 Rxc7 24. Qxc7 Qxc7 25. Bxc7 f5 26. Kf1 Kf7 27. Ke2
Ke7 28. f4 g4 29. Kf2 Kf6 30. Kg3 Kg6 31. h3 h5 32. Kf2 Kf7 33. Bc2 Nf6 34. Ke2
Ne4 35. hxg4 hxg4 36. Be5 Ke7 37. a4 Bc6 38. a5 Be8 39. Bd3 Kd7 40. Bxe4 dxe4
41. b4 g3 42. Bf6 Bh5+ 43. Kd2 Bf3 44. gxf3 g2 0-1

[Event "Quebec-ch Elite"]
[Site "Montreal CAN"]
[Date "2010.05.09"]
[Round "4"]
[White "Gras, Guillaume"]
[Black "Robichaud, Louis"]
[Result "1/2-1/2"]
[WhiteElo "2104"]
[BlackElo "2007"]
[PlyCount "56"]
[EventDate "2010.05.07"]
[EventType "swiss"]
[EventRounds "5"]
[EventCountry "CAN"]

1. e4 e5 2. Nf3 Nc6 3. d4 exd4 4. Bc4 Bc5 5. O-O Nf6 6. e5 d5 7. exf6 dxc4 8.
Re1+ Be6 9. Ng5 Qd5 10. Nc3 Qf5 11. Nce4 O-O-O 12. g4 Qe5 13. fxg7 Rhg8 14.
Nxe6 fxe6 15. Bh6 d3 16. c3 d2 17. Re2 Rd3 18. Qf1 Qd5 19. Rd1 Ne5 20. Nf6 Qf3
21. Nxg8 Qxg4+ 22. Kh1 Qf3+ 23. Qg2 Qxe2 24. Rxd2 Rxd2 25. Ne7+ Kd7 26. Bxd2
Qd1+ 27. Qg1 Qf3+ 28. Qg2 Qd1+ 1/2-1/2

[Event "Quebec-ch Elite"]
[Site "Montreal CAN"]
[Date "2010.05.09"]
[Round "4"]
[White "Hajiyev, Elshad"]
[Black "Gagnon, Serge"]
[Result "0-1"]
[WhiteElo "2089"]
[BlackElo "1985"]
[PlyCount "114"]
[EventDate "2010.05.07"]
[EventType "swiss"]
[EventRounds "5"]
[EventCountry "CAN"]

1. b3 Nf6 2. Bb2 g6 3. g4 Bg7 4. Bg2 O-O 5. e3 d5 6. h3 c6 7. f4 Nbd7 8. d4 Qc7
9. c4 Ne4 10. Bxe4 dxe4 11. Nd2 f5 12. Ne2 Nc5 13. Nc1 Ne6 14. g5 Nxg5 15. h4
Nf7 16. Qc2 Nh6 17. Nf1 Ng4 18. h5 Be6 19. hxg6 hxg6 20. Ne2 Bf6 21. Neg3 Kg7
22. O-O-O Rh8 23. Rg1 Rh3 24. Bc3 Rah8 25. d5 cxd5 26. cxd5 Qxc3 27. Qxc3 Bxc3
28. dxe6 Bb4 29. Rd7 Rc8+ 30. Kb2 Kh6 31. Rxb7 a5 32. a3 Bc3+ 33. Kb1 Bf6 34.
Rg2 Rc3 35. Ne2 Rd3 36. Kc2 Nxe3+ 37. Nxe3 Rdxe3 38. Rb8 Kg7 39. a4 Rd3 40. Rb5
Rh1 41. Ng3 Rxg3 42. Rxg3 Rh2+ 43. Kd1 Bh4 44. Re3 Bf2 45. Re2 e3 46. Rxa5 Rh4
47. Rb5 Rxf4 48. a5 Rd4+ 49. Kc2 f4 50. Re5 Kf6 51. R5xe3 Bxe3 52. Kc3 Rd1 53.
b4 Kxe6 54. b5 Kd5 55. b6 Kc6 56. Kb3 Rb1+ 57. Kc2 Ra1 0-1

[Event "Quebec-ch Elite"]
[Site "Montreal CAN"]
[Date "2010.05.09"]
[Round "4"]
[White "Lalonde, Paul"]
[Black "Sarrazin-Gendron, Roman"]
[Result "0-1"]
[WhiteElo "2016"]
[BlackElo "1896"]
[PlyCount "104"]
[EventDate "2010.05.07"]
[EventType "swiss"]
[EventRounds "5"]
[EventCountry "CAN"]

1. e4 d6 2. d4 g6 3. Nc3 Bg7 4. Be3 Nf6 5. f3 O-O 6. Qd2 Nbd7 7. Bh6 c5 8. Nge2
Rb8 9. Bxg7 Kxg7 10. h4 b5 11. h5 Rh8 12. h6+ Kf8 13. e5 Ne8 14. O-O-O c4 15.
e6 fxe6 16. Nf4 Ndf6 17. g4 g5 18. Nh5 b4 19. Ne4 d5 20. Nxg5 Qa5 21. Qf4 Rb6
22. Nxf6 exf6 23. Nxh7+ Rxh7 24. g5 c3 25. Kb1 b3 26. cxb3 c2+ 27. Kxc2 Qxa2
28. Kd2 Qxb2+ 29. Ke1 e5 30. dxe5 Re6 31. Bd3 Rxe5+ 32. Kf1 Rxg5 33. Rh2 Qxb3
34. Rdd2 Rh8 35. Qd4 Qb6 36. Qxb6 axb6 37. Rb2 Bf5 38. Bb5 Nd6 39. Bc6 Nc4 40.
Ra2 Bd3+ 41. Kf2 Na5 42. Ke3 Bc4 43. Ra3 Re5+ 44. Kf4 Nxc6 45. Rb2 b5 46. Ra6
Re6 47. Ra8+ Re8 48. Ra6 Rc8 49. Rh2 Kf7 50. Rb6 Rh7 51. Rb7+ Ne7 52. Kg4 Rch8
0-1

[Event "Quebec-ch Elite"]
[Site "Montreal CAN"]
[Date "2010.05.09"]
[Round "4"]
[White "Lepine, Cedric"]
[Black "Desjardins, Michel"]
[Result "0-1"]
[WhiteElo "1889"]
[BlackElo "2001"]
[PlyCount "48"]
[EventDate "2010.05.07"]
[EventType "swiss"]
[EventRounds "5"]
[EventCountry "CAN"]

1. d4 d5 2. c4 c6 3. Nf3 dxc4 4. g3 b5 5. Bg2 Nf6 6. O-O Bb7 7. Ne5 e6 8. a4
Qc8 9. Nc3 a6 10. e4 Bb4 11. Ng4 h5 12. Nxf6+ gxf6 13. axb5 cxb5 14. d5 Nd7 15.
dxe6 fxe6 16. Bf3 h4 17. Bh5+ Ke7 18. Bd2 Qc5 19. Bf3 hxg3 20. hxg3 Ne5 21. Be3
Nxf3+ 22. Qxf3 Qh5 23. Qxh5 Rxh5 24. f3 Rah8 0-1

[Event "Quebec-ch Elite"]
[Site "Montreal CAN"]
[Date "2010.05.09"]
[Round "4"]
[White "Leveille, Francois"]
[Black "Rousseau, Daniel"]
[Result "0-1"]
[WhiteElo "2304"]
[BlackElo "2166"]
[PlyCount "100"]
[EventDate "2010.05.07"]
[EventType "swiss"]
[EventRounds "5"]
[EventCountry "CAN"]

1. d4 Nf6 2. c4 g6 3. Nc3 Bg7 4. e4 d6 5. f3 O-O 6. Bg5 Nc6 7. Nge2 a6 8. Qd2
Re8 9. Rb1 e5 10. dxe5 Nxe5 11. Nd4 h6 12. Be3 c6 13. Be2 d5 14. cxd5 cxd5 15.
O-O dxe4 16. Nxe4 Nxe4 17. fxe4 Ng4 18. Bxg4 Bxg4 19. Rf4 Qd7 20. h3 Be6 21. b3
Rad8 22. Rd1 Qc7 23. Rdf1 Qe5 24. Nxe6 Rxd2 25. Nxg7 Re2 26. Nxe8 Qxe8 27. R1f3
Qd7 28. e5 Rxa2 29. Bd4 Rd2 30. e6 Qxe6 31. Re3 Qc6 32. Ref3 Qc2 33. Bf2 f5 34.
g4 Rd3 35. gxf5 g5 36. Rxd3 Qxd3 37. Rb4 b5 38. h4 Qd1+ 39. Kg2 g4 40. Rf4 h5
41. f6 Kf7 42. b4 Qb3 43. Bg3 Qc3 44. Kh2 a5 45. bxa5 Qxa5 46. Rf5 Qa2+ 47. Bf2
Qe2 48. Kg3 b4 49. Bc5 b3 50. Ba3 Qe3+ 0-1